000 00450nam a2200133Ia 4500
008 220204s9999 xx 000 0 und d
082 _a582.28(73)
_bMCL
100 _aMACADAM, Robert K
245 0 _aOne thousand American fungi: Toadstools mushrooms fungi: How to select and cook the edible; how to distinguish and avoid the poisonous.
260 _aNew York
_bDover
_c1973
650 _aAmerican fungi
700 _aMCLLVAINE, Charles
942 _cBK
999 _c23803
_d23803